000 00964fam a2200313 a 4500
001 1355339
003 ARRUPE
005 20151012152104.0
008 920618s1993 nju b 001 0 eng
010 _a 92023831
020 _a0391037617
035 _a(OCoLC)26159876
035 _a(OCoLC)ocm26159876
035 _a(NNC)1355339
040 _aDLC
_cDLC
_dNNC
050 0 0 _aB3279.H49
_bB453 1993
082 0 0 _a193
_220
100 1 _aBernasconi, Robert.
_920218
245 1 0 _aHeidegger in question :
_bthe art of existing /
_cby Robert Bernasconi.
260 _aAtlantic Highlands, N.J. :
_bHumanities Press International,
_c1993.
263 _a9304
300 _axxiv, 265 p. ;
_c24 cm.
490 1 _aPhilosophy and literary theory
504 _aIncludes bibliographical references and index.
600 1 0 _aHeidegger, Martin,
_d1889-1976.
_920219
830 0 _aPhilosophy and literary theory.
_920220
942 _2lcc
_cMONOGRAPH
999 _c123497
_d123497